ბათუმის შოთა რუსთაველის სახელმწიფო უნივერსიტეტის ბიბლიოთეკა

Справочник по электрическим и ультразвуковым методам обработки материалов. (ბიბ.ჩანაწერი № 47107)

000 -LEADER
fixed length control field 00736nam a2200205Ia 4500
001 - CONTROL NUMBER
control field 13964
003 - CONTROL NUMBER IDENTIFIER
control field GE_BSU
008 - FIXED-LENGTH DATA ELEMENTS--GENERAL INFORMATION
fixed length control field 181216s||||||||xx |||||||||||||| ||und||
040 ## - CATALOGING SOURCE
Transcribing agency GE_BSU
080 ## - UNIVERSAL DECIMAL CLASSIFICATION NUMBER
Universal Decimal Classification number 621.789(035.5)
100 ## - MAIN ENTRY--PERSONAL NAME
Personal name Попилов,Л.Я.
245 ## - TITLE STATEMENT
Title Справочник по электрическим и ультразвуковым методам обработки материалов.
245 ## - TITLE STATEMENT
Statement of responsibility, etc. Ред. А.Б.Аренков.
260 ## - PUBLICATION, DISTRIBUTION, ETC.
Place of publication, distribution, etc. Л.
260 ## - PUBLICATION, DISTRIBUTION, ETC.
Name of publisher, distributor, etc. Машгиз.
260 ## - PUBLICATION, DISTRIBUTION, ETC.
Date of publication, distribution, etc. 1963.
300 ## - PHYSICAL DESCRIPTION
Extent 480 стр. с илл. 22 см.
653 ## - INDEX TERM--UNCONTROLLED
Uncontrolled term Справочник по электрическим и ультразвуковым методам обработки материалов.
942 ## - ADDED ENTRY ELEMENTS (KOHA)
Koha item type წიგნი
ეგზემპლარები
Withdrawn status Lost status Damaged status Not for loan Date acquired Barcode Date last seen Price effective from Koha item type
        2018-12-17 10373 2018-12-17 2018-12-17 წიგნი